Chế tạo màng mỏng ferit Co, Co-Ni bằng phương pháp mạ phun quay Luận án Thạc sỹ khoa học Vật lý. Chuyên ngành: Vật lý kỹ thuật
Nội dung nghiên cứu luận văn bao gồm 4 chương: Chương 1 Cấu trúc và tính chất của ferit Co và Co-Ni. Chương 2 Màng mỏng ferit và phương pháp chế tạo màng mỏng. Chương 3 Thực nghiệm chế tạo màng mỏng ferit Co và Co-Ni bằng phương pháp mạ phun quay...
Сохранить в:
| Главный автор: | |
|---|---|
| Формат: | |
| Язык: | Undetermined |
| Опубликовано: |
Cần Thơ
Trường Đại học Cần Thơ
2004
|
| Предметы: | |
| Метки: |
Добавить метку
Нет меток, Требуется 1-ая метка записи!
|
| Thư viện lưu trữ: | Trung tâm Học liệu Trường Đại học Cần Thơ |
|---|
| LEADER | 01292nam a2200229Ia 4500 | ||
|---|---|---|---|
| 001 | CTU_85415 | ||
| 008 | 210402s9999 xx 000 0 und d | ||
| 082 | |a 621.6 | ||
| 082 | |b Ph557 | ||
| 088 | |a 60440103 | ||
| 100 | |a Nguyễn, Tấn Phước | ||
| 245 | 0 | |a Chế tạo màng mỏng ferit Co, Co-Ni bằng phương pháp mạ phun quay | |
| 245 | 0 | |b Luận án Thạc sỹ khoa học Vật lý. Chuyên ngành: Vật lý kỹ thuật | |
| 245 | 0 | |c Nguyễn Tấn Phước; Trần Hoàng Hải Hướng dẫn khoa học | |
| 260 | |a Cần Thơ | ||
| 260 | |b Trường Đại học Cần Thơ | ||
| 260 | |c 2004 | ||
| 520 | |a Nội dung nghiên cứu luận văn bao gồm 4 chương: Chương 1 Cấu trúc và tính chất của ferit Co và Co-Ni. Chương 2 Màng mỏng ferit và phương pháp chế tạo màng mỏng. Chương 3 Thực nghiệm chế tạo màng mỏng ferit Co và Co-Ni bằng phương pháp mạ phun quay. Chương 4 Kết quả và thảo luận-cuối cùng là kết luận cho cả đề tài | ||
| 650 | |a Applied physics,Pumps | ||
| 650 | |x Ferit | ||
| 904 | |i Tuyến | ||
| 980 | |a Trung tâm Học liệu Trường Đại học Cần Thơ | ||